[Event "ITA-ch U20"]
[Site "Tarvisio"]
[Date "2023.07.06"]
[Round "6"]
[White "Costantino, Claudio Emanuele"]
[Black "Unterweger, Jonas"]
[Result "1-0"]
[WhiteElo "1753"]
[BlackElo "1704"]
[PlyCount "100"]
[EventDate "2023.07.02"]
[EventType "swiss"]
[EventRounds "9"]
[EventCountry "ITA"]
[SourceTitle "EXT 2024"]
[Source "ChessBase"]
[SourceDate "2023.10.10"]
[SourceVersion "1"]
[SourceVersionDate "2023.10.10"]
[SourceQuality "1"]

1. e4 e5 2. Nf3 Nc6 3. Bc4 Bc5 4. c3 Nf6 5. d4 exd4 6. e5 d5 7. Bb5 Ne4 8. cxd4 Bb6 9. Nc3 0-0 10. Be3 Bf5 11. 0-0 f6 12. exf6 Nxf6 13. h3 Ne7 14. Re1 Ng6 15. Rc1 c6 16. Bd3 Bxd3 17. Qxd3 Bc7 18. Qd2 Qd6 19. g3 Nh5 20. Ne5 Nxe5 21. dxe5 Qg6 22. Nxd5 cxd5 23. Rxc7 Qe6 24. Kh2 Rf3 25. Rc5 Rd8 26. Rd1 Qxe5 27. Rxd5 Rxd5 28. Qxd5+ Qxd5 29. Rxd5 g6 30. Rd8+ Kg7 31. Rd7+ Rf7 32. Rxf7+ Kxf7 33. Bxa7 Ke6 34. Kg2 Nf6 35. Kf3 Nd7 36. Bd4 Kd5 37. Ke3 Nf8 38. Kd3 Ne6 39. Be3 Ng7 40. g4 Ne8 41. f4 Nd6 42. a4 Ne4 43. b4 Nd6 44. b5 h6 45. Bg1 Nc4 46. Bd4 Nd6 47. h4 h5 48. f5 gxf5 49. gxh5 Ke6 50. h6 Kd5 1-0

[Event "ITA-ch U20"]
[Site "Tarvisio"]
[Date "2023.07.06"]
[Round "5"]
[White "Unterweger, Jonas"]
[Black "Saporito, Giulio Cong Yan"]
[Result "1-0"]
[WhiteElo "1704"]
[BlackElo "1411"]
[PlyCount "117"]
[EventDate "2023.07.02"]
[EventType "swiss"]
[EventRounds "9"]
[EventCountry "ITA"]
[SourceTitle "EXT 2024"]
[Source "ChessBase"]
[SourceDate "2023.10.10"]
[SourceVersion "1"]
[SourceVersionDate "2023.10.10"]
[SourceQuality "1"]

1. d4 d5 2. Nf3 Nf6 3. e3 Bg4 4. c4 e6 5. Nc3 c5 6. cxd5 exd5 7. Be2 Nc6 8. 0-0 Be7 9. b3 0-0 10. Bb2 cxd4 11. Nxd4 Bxe2 12. Ncxe2 Rc8 13. Rc1 Qd7 14. a3 Nxd4 15. Nxd4 Rxc1 16. Qxc1 Rc8 17. Qd2 a6 18. h3 h6 19. Rd1 Ne4 20. Qd3 Bh4 21. Rf1 Qc7 22. Qe2 Bxf2+ 23. Rxf2 Nxf2 24. Qxf2 f6 25. Nf5 Kh7 26. Nd4 Qd7 27. Qg3 Re8 28. Kf2 Qf7 29. Qf3 Qd7 30. Qf5+ Qxf5+ 31. Nxf5 Kg6 32. Nd6 Re7 33. Bd4 Rd7 34. Nc8 Rd8 35. Nb6 Kf5 36. Na4 b5 37. Nc5 Rd6 38. Kf3 Kg6 39. Ke2 Kh5 40. g3 Kg6 41. Kd3 Kf7 42. Kc3 f5 43. Kb4 Rg6 44. Be5 Rc6 45. Bb8 g5 46. Ba7 g4 47. h4 Rc7 48. Bb6 Rc6 49. Ka5 d4 50. exd4 f4 51. Nd3 Ke7 52. Bc5+ Rxc5 53. dxc5 f3 54. c6 Kd8 55. Kb6 Kc8 56. h5 a5 57. c7 b4 58. a4 Kd7 59. Kb7 1-0

[Event "ITA-ch U20"]
[Site "Tarvisio"]
[Date "2023.07.04"]
[Round "3"]
[White "Unterweger, Jonas"]
[Black "Slobodyan, Arseniy"]
[Result "1-0"]
[WhiteElo "1704"]
[BlackElo "1349"]
[PlyCount "109"]
[EventDate "2023.07.02"]
[EventType "swiss"]
[EventRounds "9"]
[EventCountry "ITA"]
[SourceTitle "EXT 2024"]
[Source "ChessBase"]
[SourceDate "2023.10.10"]
[SourceVersion "1"]
[SourceVersionDate "2023.10.10"]
[SourceQuality "1"]

1. d4 g6 2. c4 Bg7 3. Nc3 Nf6 4. e4 d6 5. Nf3 0-0 6. Be2 e6 7. 0-0 Nc6 8. Rb1 a5 9. h3 Re8 10. Be3 b6 11. Rc1 e5 12. d5 Nd4 13. Qd3 Nxe2+ 14. Qxe2 Bd7 15. Ne1 Qc8 16. f3 Nh5 17. Kh2 Nf4 18. Qd2 Nh5 19. Ne2 f5 20. b3 fxe4 21. fxe4 Rf8 22. Nd3 Qe8 23. Ng3 Nxg3 24. Kxg3 Qe7 25. Kh2 Qh4 26. Nf2 Qe7 27. Bg5 Bf6 28. Bh6 Bg7 29. Nd3 Rxf1 30. Rxf1 Bxh6 31. Qxh6 Rf8 32. Rxf8+ Qxf8 33. Qg5 Kg7 34. Nxe5 dxe5 35. Qxe5+ Kh6 36. Qxc7 Qf7 37. Qg3 Qe7 38. e5 Kg7 39. e6 Bxe6 40. dxe6 Qxe6 41. Qc7+ Kf6 42. Qd8+ Kf5 43. Qf8+ Ke4 44. Qf3+ Kd4 45. h4 Qd6+ 46. Kh3 Kc5 47. a3 Qd7+ 48. g4 Qc6 49. b4+ axb4 50. axb4+ Kd6 51. Qxc6+ Kxc6 52. Kg3 h6 53. Kf4 Kd6 54. h5 gxh5 55. gxh5 1-0

[Event "Santa Maria di Sala op-B 29th"]
[Site "Santa Maria di Sala"]
[Date "2022.12.11"]
[Round "4"]
[White "Unterweger, Jonas"]
[Black "Marson, Luca"]
[Result "0-1"]
[WhiteElo "1650"]
[BlackElo "1781"]
[PlyCount "110"]
[EventDate "2022.12.09"]
[EventType "swiss"]
[EventRounds "5"]
[EventCountry "ITA"]
[SourceTitle "EXT 2024"]
[Source "ChessBase"]
[SourceDate "2023.10.10"]
[SourceVersion "1"]
[SourceVersionDate "2023.10.10"]
[SourceQuality "1"]

1. d4 Nf6 2. c4 g6 3. Nc3 Bg7 4. e4 d6 5. Nf3 0-0 6. Be2 e5 7. d5 a5 8. 0-0 Na6 9. Be3 Ng4 10. Ne1 Nxe3 11. fxe3 Bh6 12. Nc2 Nc5 13. Bg4 f5 14. exf5 gxf5 15. Bh3 Qh4 16. Qe2 Bd7 17. Rf2 Rf6 18. Raf1 Raf8 19. Ne1 e4 20. b3 Bg5 21. Nb5 Qh6 22. Rf4 Bxf4 23. Rxf4 Bxb5 24. cxb5 b6 25. Qc4 Qg5 26. Kf1 Rh6 27. Qd4 Rh4 28. Qd2 Rxf4+ 29. exf4 Qf6 30. Kf2 Qa1 31. Ke3 Kg7 32. Qd4+ Qxd4+ 33. Kxd4 Kf6 34. g3 Re8 35. Ke3 Re7 36. Ng2 Nd3 37. Nh4 Nb4 38. Nxf5 Nxd5+ 39. Ke2 Re8 40. Ne3 Nxe3 41. Kxe3 d5 42. Bf1 h6 43. Be2 Re6 44. g4 c5 45. bxc6 Rxc6 46. h4 Rc2 47. Bd1 Rxa2 48. g5+ hxg5 49. hxg5+ Kf5 50. Bh5 Rh2 51. g6 Kf6 52. Bg4 Rg2 53. Bh5 Rg3+ 54. Kf2 Rxb3 55. f5 d4 0-1

[Event "Santa Maria di Sala op-B 29th"]
[Site "Santa Maria di Sala"]
[Date "2022.12.10"]
[Round "2"]
[White "Unterweger, Jonas"]
[Black "Tomio, Dante"]
[Result "0-1"]
[WhiteElo "1650"]
[BlackElo "1642"]
[PlyCount "58"]
[EventDate "2022.12.09"]
[EventType "swiss"]
[EventRounds "5"]
[EventCountry "ITA"]
[SourceTitle "EXT 2024"]
[Source "ChessBase"]
[SourceDate "2023.10.10"]
[SourceVersion "1"]
[SourceVersionDate "2023.10.10"]
[SourceQuality "1"]

1. d4 Nf6 2. c4 e6 3. Nc3 d5 4. e3 c6 5. Nf3 Nbd7 6. Qc2 Be7 7. Bd3 0-0 8. Bd2 a6 9. a4 Re8 10. 0-0 dxc4 11. Bxc4 Nb6 12. Bd3 Nbd5 13. Nxd5 exd5 14. a5 Bd6 15. b4 Ne4 16. Bc3 f5 17. Bxe4 fxe4 18. Qe2 Re6 19. Ne5 Rh6 20. f3 Be6 21. Rae1 Qh4 22. g3 Qh3 23. Ng4 Rh5 24. Rf2 Bxg3 25. Rg2 Bxe1 26. Bxe1 Rf5 27. Ne5 Qh5 28. Kh1 Rg5 29. Bg3 Re8 0-1